000 02068cam a2200433 a 4500
001 9051432
003 ARRUPE
005 20141105175152.0
008 110126s2011 ilub b 001 0 eng c
010 _a 2011003350
020 _a9780226498041 (cloth : alk. paper)
020 _a0226498042 (cloth : alk. paper)
020 _a9780226498058 (pbk. : alk. paper)
020 _a0226498050 (pbk. : alk. paper)
024 _a40019930109
035 _a(OCoLC)ocn700735473
035 _a(OCoLC)700735473
035 _a(NNC)9051432
040 _aICU/DLC
_cDLC
_dYDX
_dUKMGB
_dYDXCP
042 _apcc
043 _af-ke---
050 0 0 _aDT433.545.K35
_bL96 2011
082 0 0 _a305.896/5
_222
100 1 _aLynch, Gabrielle.
_912425
245 1 0 _aI say to you :
_bethnic politics and the Kalenjin in Kenya /
_cGabrielle Lynch.
260 _aChicago :
_bUniversity of Chicago Press,
_c2011.
300 _axvi, 291 p. :
_bmaps ;
_c24 cm.
504 _aIncludes bibliographical references and index.
505 0 _aIntroduction: The nature and political salience of ethnic identity -- Creating a community: from Nandi speakers to Kalenjin -- Popularizing the Kalenjin: decolonization and the first Majimbo debate -- Moi: the making of an African "big man" -- Harambee to Nyayo: control and patronage in the president's backyard -- Democratization and the "Kalenjin vote", 1990-2002 -- Multiparty politics and the "ethnic factor" 2002-2008 -- Conclusion: Ethnic politics in modern Kenya -- Appendix: multiparty election and referendum results in Kalenjin-dominated constituencies.
600 1 0 _aMoi, Daniel Arap,
_d1924-
_912426
650 0 _aKalenjin (African people)
_zKenya
_xEthnic identity.
_912427
650 0 _aKalenjin (African people)
_xEthnic identity
_xPolitical aspects
_zKenya.
_912428
650 0 _aRegionalism
_xPolitical aspects
_zKenya.
_912429
651 0 _aKenya
_xEthnic relations
_xPolitical aspects.
_912430
651 0 _aKenya
_xPolitics and government.
_94550
942 _2lcc
_cMONOGRAPH
948 1 _a20111021
_bc
_csl13
_dMPS
999 _c121184
_d121184